LEADER 00945cam0 22002771 450 001 SOBE00046436 005 20151202142337.0 100 $a20150326d1970 |||||ita|0103 ba 101 $aita$alat 102 $aIT 200 1 $aDe bello gallico. Libro primo$fCesare$gintroduzione e commento di Angelo Maggi 210 $aMilano$cSignorelli$d1970 215 $a87 p.$d19 cm 225 2 $aScrittori latini 410 1$1001SOBE00042474$12001 $a*Scrittori latini 700 1$aCaesar$b, Gaius Iulius$3A600200030867$4070$0438938 702 1$aMaggi, Angelo$3SOBA00010993$4070 801 0$aIT$bUNISOB$c20151202$gRICA 850 $aUNISOB 852 $aUNISOB$j870$m14640 912 $aSOBE00046436 940 $aM 102 Monografia moderna SBN 941 $aM 957 $a870$b000033$gSI$d14640$racquisto$1catenaccif$2UNISOB$3UNISOB$420150326101353.0$520150326101415.0$6catenaccif 996 $aDe bello gallico. Libro primo$91709340 997 $aUNISOB LEADER 00957cam2 2200301 450 001 E600200064646 005 20221117103324.0 010 $a8842022780 100 $a20100615d1987 |||||ita|0103 ba 101 $aita 102 $aIT 200 1 $a<<3: >>Fisica, Del cielo$fAristotele 205 $a3 ed. 210 $aRoma$aBari$cLaterza$d1987 215 $a363 p.$d21 cm 225 2 $aBiblioteca universale Laterza$v49 410 1$1001LAEC00015236$12001 $a*Biblioteca universale Laterza$v49 461 1$1001E600200069037$12001 $aOpere / Aristotele$v3 700 0$aAristoteles$3AF00011489$4070$04207 801 0$aIT$bUNISOB$c20221117$gRICA 850 $aUNISOB 852 $aUNISOB$j100$m50264 912 $aE600200064646 940 $aM 102 Monografia moderna SBN 941 $aM 957 $a100$b004040$i-3$gSi$d50264$rAcquisto$1massimo$2UNISOB$3UNISOB$420100615070232.0$520221117103324.0$6Spinosa 996 $aPhysica$920008 997 $aUNISOB